000 00535nam a2200157Ia 4500
008 140626s9999 xx 000 0 und d
245 _aProposed PAP Scientific and Professional Ethics Committee (PAP-SPEC) rules and procedures for investigations of unethical conduct.
260 _cc2011.
300 _a44 : 1, page 218
440 _aPhilippine Journal of Psychology
521 _aPSYCH
650 _aEthical conduct.
650 _aInvestigation rules and procedures.
650 _aProfessional ethics committee.
942 _cSE
999 _c121377
_d121377